00573nam a2200241Ia 450000500170000000800460001702000180006303700100008104000080009104000080009904000080010704100080011504100080012308400080013110000220013924500240016124500480018526000230023326000090025636500050026536500080027085600530027820260324130235.0008 260324s9999 xx 000 0 eng d a9781315132259 aEBOOK aCRL beng cCRL 2eng aeng qCRL aArthur Asa Berger 4aThe Golden Triangle 3bAn Ethno-semiotic Tour of Present-day India bTaylor and Francis c2008 a b145 uhttp://www.taylorfrancis.com/books/9781315132259